Riksvåpen #1 - Statistics

General Stats
  • This quiz has been taken 18 times
  • The average score is 8 of 15
Answer Stats
Picture Answer % Correct
Norge
100%
USA
100%
Sverige
81%
Danmark
75%
Ukraina
75%
Pakistan
63%
Japan
56%
Panama
56%
Belgia
50%
Chile
44%
Jordan
38%
Sør-Afrika
31%
Thailand
31%
Libya
25%
Uganda
19%
No matching quizzes found
Score Distribution
Percent of People with Each Score
Percentile by Number Answered
Your Score History
You have not taken this quiz